[Event "Rajkot RCPA op 2nd"]
[Site "Rajkot"]
[Date "2019.08.15"]
[Round "4"]
[White "Zala, Akshar"]
[Black "Dahale, Atul"]
[Result "0-1"]
[WhiteElo "1586"]
[BlackElo "2064"]
[PlyCount "118"]
[EventDate "2019.08.13"]
[EventType "swiss"]
[EventRounds "10"]
[EventCountry "IND"]
[SourceTitle "EXT 2021"]
[Source "ChessBase"]
[SourceDate "2020.10.23"]
[SourceVersion "1"]
[SourceVersionDate "2020.10.23"]
[SourceQuality "1"]

1. e4 c5 2. Nf3 a6 3. d4 cxd4 4. Nxd4 d6 5. Nc3 Nf6 6. f4 e5 7. Nf3 Qc7 8. a4 Nbd7 9. Bd3 Be7 10. 0-0 exf4 11. Kh1 Ne5 12. Bxf4 Be6 13. Qe1 0-0 14. Bg3 Nfd7 15. Nxe5 Nxe5 16. Bxe5 dxe5 17. Nd5 Bxd5 18. exd5 g6 19. Qg3 Qd6 20. Rae1 Bf6 21. b3 Bg7 22. c4 a5 23. Rc1 b6 24. Qe3 Rac8 25. g4 f6 26. Rc2 Qc5 27. Qxc5 bxc5 28. Rcf2 Rb8 29. Bc2 Rb6 30. Re2 Bh6 31. Kg2 Bf4 32. h4 f5 33. g5 Kg7 34. Rg1 e4 35. Rf1 Bd6 36. Kh3 Rb7 37. Kg2 Re7 38. Rfe1 Be5 39. Kh3 Bd4 40. Kg2 h6 41. Rh1 Rh8 42. Rh3 Rhe8 43. Kg3 Be5+ 44. Kg2 hxg5 45. hxg5 Bf4 46. Kf1 Bxg5 47. Reh2 Bf4 48. Rh7+ Kf6 49. Rxe7 Rxe7 50. Rh8 g5 51. Bd1 g4 52. Rf8+ Rf7 53. Rc8 Rh7 54. Kg1 g3 55. Rc6+ Kg5 56. Ra6 Be3+ 57. Kg2 Rh2+ 58. Kf1 g2+ 59. Ke2 g1Q# 0-1

[Event "Commonwealth-ch U14"]
[Site "New Delhi"]
[Date "2019.07.03"]
[Round "3.1"]
[White "Zala, Akshar"]
[Black "Rohit, Krishna S"]
[Result "0-1"]
[WhiteElo "1638"]
[BlackElo "2312"]
[PlyCount "122"]
[EventDate "2019.07.01"]
[EventType "swiss"]
[EventRounds "7"]
[EventCountry "IND"]
[SourceTitle "EXT 2024"]
[Source "ChessBase"]
[SourceDate "2023.10.10"]
[SourceVersion "1"]
[SourceVersionDate "2023.10.10"]
[SourceQuality "1"]

1. e4 e5 2. Nf3 Nc6 3. Bc4 Bc5 4. 0-0 Nf6 5. d4 Bxd4 6. Nxd4 Nxd4 7. f4 d6 8. fxe5 dxe5 9. Bg5 Qe7 10. Na3 Be6 11. c3 Bxc4 12. Bxf6 gxf6 13. Nxc4 Ne6 14. b4 Rg8 15. Ne3 Nf4 16. Kh1 Qe6 17. Qa4+ c6 18. Rad1 Kf8 19. Rd2 Rg5 20. Rfd1 Kg7 21. h4 Rh5 22. Nf5+ Rxf5 23. Rd6 Qc4 24. exf5 Qe4 25. R6d2 Rd8 26. Rb2 Nd3 27. Rbd2 Qxh4+ 28. Kg1 Qg3 29. Rc2 Qe3+ 30. Kh2 Qh6+ 31. Kg1 Qe3+ 32. Kh2 Qf4+ 33. Kg1 Nc5 34. Rf2 Nxa4 35. Rxd8 Qc1+ 36. Kh2 Qh6+ 37. Kg1 Nxc3 38. Rf3 Ne4 39. Rd7 Qc1+ 40. Kh2 Ng5 41. Rfd3 Qf4+ 42. Kg1 Qxf5 43. Rd1 Qg4 44. R1d3 Qxb4 45. Rb3 Qe1+ 46. Kh2 b5 47. Rxa7 Qh4+ 48. Kg1 Qd4+ 49. Kh2 Qxa7 50. a3 Qa4 51. Rd3 Qf4+ 52. Kg1 e4 53. Rc3 e3 54. Rc1 e2 55. Re1 Nf3+ 56. gxf3 Qg3+ 57. Kh1 Qxe1+ 58. Kh2 Qf2+ 59. Kh3 Qxf3+ 60. Kh2 e1N 61. a4 Qg2# 0-1